South Asian affairs: (Record no. 18526)

MARC details
000 -LEADER
fixed length control field 00904cas a2200301u 4500
001 - CONTROL NUMBER
control field 7489309
003 - CONTROL NUMBER IDENTIFIER
control field BDDh-ASL
005 - DATE AND TIME OF LATEST TRANSACTION
control field 20231015025719.0
008 - FIXED-LENGTH DATA ELEMENTS--GENERAL INFORMATION
fixed length control field 830505m19609999e |||||||||||| ||eng|
010 ## - LIBRARY OF CONGRESS CONTROL NUMBER
LC control number 60011589
040 ## - CATALOGING SOURCE
Original cataloging agency DLC
Transcribing agency CarP
Modifying agency BDDh-ASL
043 ## - GEOGRAPHIC AREA CODE
Geographic area code a-ce---
-- a-ii---
-- a-pk---
050 00 - LIBRARY OF CONGRESS CALL NUMBER
Classification number DS335
Item number .S6
082 ## - DEWEY DECIMAL CLASSIFICATION NUMBER
Classification number 954
Item number SOU
245 00 - TITLE STATEMENT
Title South Asian affairs:
Remainder of title Vol-1/
Statement of responsibility, etc. edited by Raghavan Iyer.
260 ## - PUBLICATION, DISTRIBUTION, ETC.
Place of publication, distribution, etc. London:
Name of publisher, distributor, etc. Chatto & Windus,
Date of publication, distribution, etc. 1960.
300 ## - PHYSICAL DESCRIPTION
Extent v-1, 155 p. :
Dimensions 23 cm.
310 ## - CURRENT PUBLICATION FREQUENCY
Current publication frequency Series entry
500 ## - GENERAL NOTE
General note Serial.
590 ## - LOCAL NOTE (RLIN)
Local note PREMARC/SERLOC merged record
651 #0 - SUBJECT ADDED ENTRY--GEOGRAPHIC NAME
Geographic name Pakistan. [from old catalog]
651 #0 - SUBJECT ADDED ENTRY--GEOGRAPHIC NAME
Geographic name India.
651 #0 - SUBJECT ADDED ENTRY--GEOGRAPHIC NAME
Geographic name Sri Lanka.
700 1# - ADDED ENTRY--PERSONAL NAME
Personal name Iyer, Raghavan,
Dates associated with a name 1930-1986,
Relator term ed.
830 #0 - SERIES ADDED ENTRY--UNIFORM TITLE
Uniform title St. Antony's papers (United States)
Volume/sequential designation no. 8 [etc.] [from old catalog]
906 ## - LOCAL DATA ELEMENT F, LDF (RLIN)
a 0
b cbc
c serprem
d u
e ncip
f 19
g y-gencatlg
942 ## - ADDED ENTRY ELEMENTS (KOHA)
Source of classification or shelving scheme Dewey Decimal Classification
Koha item type Books
Holdings
Withdrawn status Lost status Source of classification or shelving scheme Damaged status Not for loan Collection code Home library Current library Shelving location Date acquired Source of acquisition Total Checkouts Full call number Barcode Date last seen Copy number Price effective from Koha item type Public note
    Dewey Decimal Classification   Not For Loan Non-fiction Asiatic Society Library Asiatic Society Library Harrison Collection 10/12/2020 Donated by Prof. John B. Harrison   954 SOU 101718 10/12/2020 C-1 10/12/2020 Books RARE

Powered by Koha